[Event "HUN-chT2 Maroczy 0203"]
[Site "Hungary"]
[Date "2002.12.08"]
[Round "4.10"]
[White "Nagy, Csaba"]
[Black "Erdos, Janos"]
[Result "0-1"]
[WhiteElo "2098"]
[BlackElo "2104"]
[PlyCount "120"]
[EventDate "2002.09.22"]
[EventType "team"]
[EventRounds "11"]
[EventCountry "HUN"]
[SourceTitle "EXT 2004"]
[Source "ChessBase"]
[SourceDate "2003.11.25"]
[SourceVersion "1"]
[SourceVersionDate "2003.11.25"]
[SourceQuality "1"]
[WhiteTeam "BIOGAL SE"]
[BlackTeam "Vasarhelyi"]
[WhiteTeamCountry "HUN"]
[BlackTeamCountry "HUN"]

1. d4 d5 2. Nf3 Nf6 3. e3 Bf5 4. c4 e6 5. Qb3 b6 6. Bd2 Be7 7. Nc3 0-0 8. Rc1 c5 9. Be2 Nc6 10. cxd5 exd5 11. Ne5 Nxe5 12. dxe5 Ne4 13. Qxd5 Qxd5 14. Nxd5 Bh4 15. g3 Rad8 16. gxh4 Rxd5 17. Bc3 Nxc3 18. Rxc3 Rxe5 19. Ra3 a5 20. Rb3 Rb8 21. Bf3 Be6 22. Ra3 Rd8 23. Ra4 Bd5 24. Ke2 Bxf3+ 25. Kxf3 Rd2 26. Rb1 Rf5+ 27. Rf4 Rxf4+ 28. exf4 Kf8 29. a4 Ke7 30. b3 Rd3+ 31. Kg4 Kf6 32. h5 h6 33. h4 Rd2 34. Kg3 Kf5 35. f3 Rd3 36. Rb2 g6 37. hxg6 fxg6 38. Rb1 h5 39. Rb2 Rd4 40. Re2 Rxf4 41. Re8 Rb4 42. Re3 c4 43. bxc4 Rxc4 44. Rb3 Rb4 45. Ra3 g5 46. hxg5 Kxg5 47. Ra1 Rb3 48. Rh1 Rb4 49. Ra1 h4+ 50. Kh3 Kf5 51. Ra2 Ke5 52. Ra1 Kd5 53. Ra3 Rf4 54. Ra1 Kc5 55. Ra3 Kb4 56. Ra2 Kb3 57. Ra1 Kb4 58. Rb1+ Kxa4 59. Rxb6 Ka3 60. Ra6 a4 0-1

[Event "HUN-chT2 Maroczy 0203"]
[Site "Hungary"]
[Date "2002.09.22"]
[Round "1.10"]
[White "Smaraglay, Botond"]
[Black "Nagy, Csaba"]
[Result "0-1"]
[WhiteElo "2105"]
[BlackElo "2098"]
[PlyCount "44"]
[EventDate "2002.09.22"]
[EventType "team"]
[EventRounds "11"]
[EventCountry "HUN"]
[SourceTitle "EXT 2004"]
[Source "ChessBase"]
[SourceDate "2003.11.25"]
[SourceVersion "1"]
[SourceVersionDate "2003.11.25"]
[SourceQuality "1"]
[WhiteTeam "Foti"]
[BlackTeam "BIOGAL SE"]
[WhiteTeamCountry "HUN"]
[BlackTeamCountry "HUN"]

1. c4 e5 2. Nc3 f5 3. Nf3 d6 4. d3 Nf6 5. g3 Be7 6. Bg2 0-0 7. b4 Qe8 8. 0-0 f4 9. gxf4 Qh5 10. fxe5 dxe5 11. Nd5 Nxd5 12. cxd5 Bd6 13. Qd2 h6 14. e4 Bg4 15. Ne1 Be2 16. Nc2 Bxf1 17. Bxf1 Rf6 18. Ne3 Rg6+ 19. Kh1 Nd7 20. Be2 Qh4 21. Qe1 Rf8 22. Nf5 Rxf5 0-1

[Event "Hajduboszormeny"]
[Site "Hajduboszormeny"]
[Date "2001.07.28"]
[Round "8"]
[White "Miklosi, Attila"]
[Black "Nagy, Csaba"]
[Result "1-0"]
[WhiteElo "2000"]
[BlackElo "2161"]
[PlyCount "57"]
[EventDate "2001.??.??"]
[EventType "tourn"]
[EventRounds "9"]
[EventCountry "HUN"]
[SourceTitle "EXT 2002"]
[Source "ChessBase"]
[SourceDate "2001.11.25"]
[SourceVersion "1"]
[SourceVersionDate "2001.11.25"]
[SourceQuality "1"]

1. e4 c5 2. Nf3 a6 3. d4 cxd4 4. Nxd4 Nf6 5. Nc3 e5 6. Nf3 Bb4 7. Bd3 d5 8. Nxe5 d4 9. a3 Qa5 10. Nc4 dxc3 11. Nxa5 cxb2+ 12. Bd2 Bxd2+ 13. Kxd2 bxa1Q 14. Qxa1 0-0 15. f3 Nbd7 16. Nc4 b5 17. Nd6 Nc5 18. e5 Nfd7 19. Qd4 Rb8 20. f4 Bb7 21. Rg1 Ne6 22. Qe3 Bc6 23. f5 Nc7 24. f6 g6 25. h4 Nd5 26. Qh6 Nxe5 27. h5 Nxf6 28. hxg6 fxg6 29. Rh1 1-0

[Event "Hajduboszormeny"]
[Site "Hajduboszormeny"]
[Date "2001.07.27"]
[Round "7"]
[White "Nagy, Csaba"]
[Black "Molnar, Balazs"]
[Result "1-0"]
[WhiteElo "2161"]
[BlackElo "2185"]
[PlyCount "47"]
[EventDate "2001.??.??"]
[EventType "tourn"]
[EventRounds "9"]
[EventCountry "HUN"]
[SourceTitle "EXT 2002"]
[Source "ChessBase"]
[SourceDate "2001.11.25"]
[SourceVersion "1"]
[SourceVersionDate "2001.11.25"]
[SourceQuality "1"]

1. d4 d5 2. Nf3 e6 3. e3 f5 4. Bd3 Nf6 5. c4 c6 6. 0-0 Bd6 7. Ne5 0-0 8. b3 Qe7 9. Bb2 Bd7 10. Nd2 Be8 11. f3 Bh5 12. Qe1 c5 13. Qh4 Nc6 14. Nxc6 bxc6 15. e4 Bg6 16. e5 Nd7 17. Qf2 Bc7 18. Ba3 Rfd8 19. f4 Ba5 20. cxd5 cxd5 21. dxc5 Bc3 22. Rac1 d4 23. Nc4 a5 24. c6 1-0

[Event "Alfoeld Cup op"]
[Site "Hajduszoboszlo"]
[Date "2001.06.24"]
[Round "9"]
[White "Egri, Laszlo"]
[Black "Nagy, Csaba"]
[Result "1-0"]
[WhiteElo "2161"]
[BlackElo "2161"]
[PlyCount "127"]
[EventDate "2001.06.16"]
[EventType "swiss"]
[EventRounds "9"]
[EventCountry "HUN"]
[SourceTitle "EXT 2004"]
[Source "ChessBase"]
[SourceDate "2003.11.25"]
[SourceVersion "1"]
[SourceVersionDate "2003.11.25"]
[SourceQuality "1"]

1. e4 c5 2. c3 e6 3. Nf3 Nf6 4. e5 Nd5 5. d4 d6 6. Bd3 Nc6 7. 0-0 Be7 8. a3 0-0 9. Qe2 cxd4 10. cxd4 Qb6 11. Rd1 Bd7 12. Nc3 Nxc3 13. bxc3 d5 14. Ng5 h6 15. Nh7 f5 16. exf6 Bxf6 17. Nxf8 Rxf8 18. Qg4 Qd8 19. Qg6 e5 20. Qh7+ Kf7 21. Bg6+ Ke7 22. a4 Rh8 23. Ba3+ Ke6 24. Bf5+ Kf7 25. Qg6+ Kg8 26. Bxd7 Qxd7 27. dxe5 Nxe5 28. Qc2 Kf7 29. Rab1 Rc8 30. Qb3 Qg4 31. Qxd5+ Kg6 32. Rd4 Qf5 33. Qe4 Rxc3 34. Bb2 Rb3 35. Qxf5+ Kxf5 36. Rdd1 b6 37. Bxe5 Rxb1 38. Rxb1 Bxe5 39. Rd1 a6 40. g3 Ke6 41. f4 Bd6 42. Kf2 b5 43. axb5 axb5 44. Kf3 Kd7 45. Ke4 Kc6 46. Rc1+ Bc5 47. g4 b4 48. h4 Kb5 49. g5 b3 50. gxh6 gxh6 51. f5 Kb4 52. f6 b2 53. Rf1 Kc3 54. Kf5 Kc2 55. Kg6 Bf8 56. h5 b1Q 57. Rxb1 Kxb1 58. Kf7 Bc5 59. Kg7 Kc2 60. Kxh6 Kd3 61. Kg7 Ke4 62. f7 Kf5 63. h6 Be7 64. h7 1-0

[Event "Alfoeld Cup op"]
[Site "Hajduszoboszlo"]
[Date "2001.06.20"]
[Round "5"]
[White "Felegyhazi, Laszlo"]
[Black "Nagy, Csaba"]
[Result "1-0"]
[WhiteElo "2321"]
[BlackElo "2161"]
[PlyCount "60"]
[EventDate "2001.06.16"]
[EventType "swiss"]
[EventRounds "9"]
[EventCountry "HUN"]
[SourceTitle "EXT 2004"]
[Source "ChessBase"]
[SourceDate "2003.11.25"]
[SourceVersion "1"]
[SourceVersionDate "2003.11.25"]
[SourceQuality "1"]

1. e4 c5 2. Nf3 a6 3. c3 e6 4. d4 b5 5. Bd3 Bb7 6. Qe2 d6 7. 0-0 Nd7 8. a4 b4 9. cxb4 cxd4 10. Nxd4 Qb6 11. Nc2 Ne5 12. Be3 Qc7 13. Nc3 Nf6 14. h3 Be7 15. Rfc1 Nxd3 16. Qxd3 0-0 17. Nd4 Qb8 18. b5 Rc8 19. f3 Nd7 20. Nb3 Ne5 21. Qe2 Nc4 22. Bf2 Bg5 23. Rd1 Qc7 24. bxa6 Bxa6 25. Nb5 Qb8 26. N3d4 e5 27. b3 Na5 28. Nf5 Rc6 29. h4 Bd8 30. Rab1 Bb6 1-0

[Event "HUN-ch U18"]
[Site "Balatonlelle"]
[Date "2001.??.??"]
[Round "6"]
[White "Hudecz, Viktor"]
[Black "Nagy, Csaba"]
[Result "1-0"]
[WhiteElo "2187"]
[BlackElo "2161"]
[PlyCount "117"]
[EventDate "2001.??.??"]
[EventType "swiss"]
[EventRounds "9"]
[EventCountry "HUN"]
[SourceTitle "EXT 2002"]
[Source "ChessBase"]
[SourceDate "2001.11.25"]
[SourceVersion "1"]
[SourceVersionDate "2001.11.25"]
[SourceQuality "1"]

1. e4 c5 2. Nf3 a6 3. c3 e6 4. d4 b5 5. Bd3 Bb7 6. Bg5 Qc7 7. Nbd2 d6 8. c4 b4 9. a3 bxa3 10. bxa3 Nd7 11. d5 e5 12. Nb3 Ngf6 13. Bd2 Be7 14. Na5 0-0 15. Rb1 Rab8 16. 0-0 Bd8 17. Bc3 Nb6 18. Nxb7 Qxb7 19. a4 Qa7 20. a5 Nbd7 21. Rxb8 Qxb8 22. Qb1 Qa7 23. Bc2 Be7 24. Ba4 Rb8 25. Qd3 Bd8 26. Rb1 Be7 27. Nd2 Nf8 28. f3 Ng6 29. Rxb8+ Qxb8 30. Qb1 Qxb1+ 31. Nxb1 Nf8 32. Bc6 N8d7 33. Na3 Nb8 34. Bb7 Kf8 35. Nb5 Ne8 36. Na7 Nf6 37. Nc6 Nfd7 38. Bc8 Bg5 39. Kf2 g6 40. Ke2 Be7 41. Bd2 f6 42. Kd3 Kf7 43. Kc3 Ke8 44. Kb3 Bf8 45. Ka4 Bg7 46. f4 h6 47. Kb3 Bf8 48. Kc3 Bg7 49. Kd3 Bf8 50. Ke3 Bg7 51. Kf3 Bh8 52. Kg4 Bg7 53. h4 h5+ 54. Kh3 Bh8 55. f5 gxf5 56. exf5 Kf7 57. Nd8+ Kg8 58. Ne6 Bg7 59. Nc7 1-0